Normal view
MARC view
- Dr Mustafa Anwar
Entry Personal Name
001 - CONTROL NUMBER
- control field: 117892
003 - CONTROL NUMBER IDENTIFIER
- control field: NUST
005 - DATE AND TIME OF LATEST TRANSACTION
- control field: 20230913164302.0
008 - FIXED-LENGTH DATA ELEMENTS
- fixed length control field: 230913|| aca||aabn | a|a d
040 ## - CATALOGING SOURCE
- Original cataloging agency: NUST
- Transcribing agency: NUST
100 ## - HEADING--PERSONAL NAME
- Personal name: Dr Mustafa Anwar
670 ## - SOURCE DATA FOUND
- Source citation: Work cat.: (NUST): 20230913s9999\\\\xx\\\\\\\\\\\\000\0\und\d 117890, Investigation on Structural, Optical, and Ectrical Properties of Erbium Oxide-based Composites for Photocatalysis /, 2023
